Стари и нови имена на държави - Statistics

General Stats
  • This quiz has been taken 94 times
  • The average score is 16 of 34
Answer Stats
Country % Correct
Иран
81%
Бангладеш
78%
Шри Ланка
75%
ДР Конго
70%
Мианмар
69%
Есватини
67%
Камбоджа
66%
Тайланд
66%
Колумбия
58%
Зимбабве
55%
Боливия
52%
Замбия
52%
Белиз
50%
Етиопия
50%
Индонезия
50%
Суринам
50%
Намибия
45%
ОАЕ
44%
Гана
42%
Мексико
39%
Тайван
39%
Ботсвана
38%
Филипини
38%
Лесото
36%
Буркина Фасо
34%
Мали
34%
Джибути
33%
Бенин
28%
Малави
27%
Сингапур
27%
Тувалу
27%
Вануату
25%
Саудитска Арабия
25%
ЦАР
25%
No matching quizzes found
Score Distribution
Percent of People with Each Score
Percentile by Number Answered
Your Score History
You have not taken this quiz